<?xml version='1.0' encoding='UTF-8'?>
  <record xmlns="http://www.loc.gov/MARC21/slim">
    <leader>00000ctm a2200000 a 4500</leader>
    <controlfield tag="001">ocn965405575</controlfield>
    <controlfield tag="003">OCoLC</controlfield>
    <controlfield tag="005">20250803145459.1</controlfield>
    <controlfield tag="008">150706q19301944ne            000 0 dut d</controlfield>
    <datafield tag="040" ind1=" " ind2=" ">
      <subfield code="a">QGJ</subfield>
      <subfield code="b">dut</subfield>
      <subfield code="c">QGJ</subfield>
      <subfield code="d">OCLCL</subfield>
      <subfield code="d">OCLCQ</subfield>
    </datafield>
    <datafield tag="035" ind1=" " ind2=" ">
      <subfield code="a">(OCoLC)965405575</subfield>
    </datafield>
    <datafield tag="100" ind1="1" ind2=" ">
      <subfield code="a">Beekman, Anton Albert,</subfield>
      <subfield code="d">1854-1947.</subfield>
      <subfield code="e">aut</subfield>
      <subfield code="e">col.</subfield>
    </datafield>
    <datafield tag="245" ind1="1" ind2="0">
      <subfield code="a">Catalogus van boekwerken betrekking hebbende op Nederland van Dr. A. A. Beekman.</subfield>
      <subfield code="f">UBU KAART:*VI*.C.165b.</subfield>
    </datafield>
    <datafield tag="246" ind1="1" ind2=" ">
      <subfield code="a">Catalogus van boeken in de Bibliotheek van Beekman</subfield>
    </datafield>
    <datafield tag="260" ind1=" " ind2=" ">
      <subfield code="a">['s- Gravenhage],</subfield>
      <subfield code="c">[ca. 1930-ca. 1944].</subfield>
    </datafield>
    <datafield tag="300" ind1=" " ind2=" ">
      <subfield code="a">-- p.</subfield>
      <subfield code="b">125 fol. :</subfield>
      <subfield code="c">341 x 222 mm</subfield>
    </datafield>
    <datafield tag="336" ind1=" " ind2=" ">
      <subfield code="a">text</subfield>
      <subfield code="b">txt</subfield>
      <subfield code="2">rdacontent</subfield>
    </datafield>
    <datafield tag="337" ind1=" " ind2=" ">
      <subfield code="a">unmediated</subfield>
      <subfield code="b">n</subfield>
      <subfield code="2">rdamedia</subfield>
    </datafield>
    <datafield tag="338" ind1=" " ind2=" ">
      <subfield code="a">volume</subfield>
      <subfield code="b">nc</subfield>
      <subfield code="2">rdacarrier</subfield>
    </datafield>
    <datafield tag="340" ind1=" " ind2=" ">
      <subfield code="a">papier.</subfield>
    </datafield>
    <datafield tag="500" ind1=" " ind2=" ">
      <subfield code="a">In machineschrift, met aanvullingen in handschrift op verso-zijde.</subfield>
    </datafield>
    <datafield tag="500" ind1=" " ind2=" ">
      <subfield code="a">Bandtitel: Catalogus van boeken in de Bibliotheek van Beekman.</subfield>
    </datafield>
    <datafield tag="500" ind1=" " ind2=" ">
      <subfield code="a">Waarschijnlijk doorslag.</subfield>
    </datafield>
    <datafield tag="500" ind1=" " ind2=" ">
      <subfield code="a">Vermoedelijk is de catalogus in getypte vorm in 1930 afgesloten en daarna in handschrift aangevuld tot 1944.</subfield>
    </datafield>
    <datafield tag="500" ind1=" " ind2=" ">
      <subfield code="a">Na fol. 125 volgen nog 3 blanco folia.</subfield>
    </datafield>
    <datafield tag="581" ind1=" " ind2=" ">
      <subfield code="a">A.O. Kouwenhoven, A.A. Beekman (1854-1947) biografisch en bibliografisch : zijn bronnen en zijn bibliotheek. Zeist, 2005.</subfield>
    </datafield>
    <datafield tag="524" ind1=" " ind2=" ">
      <subfield code="a">Te citeren als: Universiteitsbibliotheek Utrecht KAART:*VI*.C.165b.</subfield>
    </datafield>
    <datafield tag="563" ind1=" " ind2=" ">
      <subfield code="a">Linnen band over kartonnen platten.</subfield>
    </datafield>
    <datafield tag="530" ind1=" " ind2=" ">
      <subfield code="a">Also available in online version.</subfield>
    </datafield>
    <datafield tag="541" ind1=" " ind2=" ">
      <subfield code="a">P.P.W.J. van den Brink;</subfield>
      <subfield code="c">Geschenk;</subfield>
      <subfield code="d">06072014.</subfield>
      <subfield code="5">NL-UtRU</subfield>
    </datafield>
    <datafield tag="650" ind1=" " ind2="7">
      <subfield code="a">Particuliere bibliotheken.</subfield>
      <subfield code="0">(NL-LeOCL)078623421.</subfield>
      <subfield code="2">gtt</subfield>
    </datafield>
    <datafield tag="651" ind1=" " ind2="7">
      <subfield code="a">Nederland.</subfield>
      <subfield code="0">(NL-LeOCL)078600987.</subfield>
      <subfield code="2">gtt</subfield>
    </datafield>
    <datafield tag="655" ind1=" " ind2="7">
      <subfield code="a">Handschriften (vorm)</subfield>
      <subfield code="0">088143309</subfield>
      <subfield code="2">gtt</subfield>
    </datafield>
    <datafield tag="655" ind1=" " ind2="7">
      <subfield code="a">Bibliotheekcatalogi (vorm)</subfield>
      <subfield code="0">(NL-LeOCL)088141756.</subfield>
      <subfield code="2">gtt</subfield>
    </datafield>
    <datafield tag="700" ind1="1" ind2=" ">
      <subfield code="a">Brink, Paulus Petrus Wilhelmus Johannes van den,</subfield>
      <subfield code="d">1957-</subfield>
      <subfield code="e">former owner.</subfield>
      <subfield code="4">fmo</subfield>
      <subfield code="5">NL-UtRU</subfield>
    </datafield>
    <datafield tag="758" ind1=" " ind2=" ">
      <subfield code="a">Catalogus van boekwerken betrekking hebbende op Nederland van Dr. A. A. Beekman UBU KAART:*VI*.C.165b (Text)</subfield>
      <subfield code="1">https://id.oclc.org/worldcat/entity/E39PD3DwdMMfTYJygR3Mhx89Qm</subfield>
      <subfield code="4">https://id.oclc.org/worldcat/ontology/hasWork</subfield>
    </datafield>
    <datafield tag="776" ind1="0" ind2="8">
      <subfield code="i">Online version:</subfield>
      <subfield code="a">Beekman, Anton Albert,</subfield>
      <subfield code="t">Catalogus van boekwerken betrekking hebbende op Nederland van Dr. A. A. Beekman.</subfield>
      <subfield code="d">['s- Gravenhage], [ca. 1930-ca. 1944].</subfield>
    </datafield>
    <datafield tag="856" ind1="4" ind2="1">
      <subfield code="u">http://objects.library.uu.nl/reader/resolver.php?obj=02662679&amp;type=2</subfield>
      <subfield code="x">Online</subfield>
      <subfield code="z">Full text</subfield>
    </datafield>
    <datafield tag="936" ind1=" " ind2=" ">
      <subfield code="a">BATCHLOAD</subfield>
    </datafield>
  </record>